El aprendizaje temprano en el hombre y el animal /
Guardado en:
| Autor principal: | |
|---|---|
| Otros autores: | |
| Formato: | Libro |
| Idioma: | Español |
| Publicado: |
México:
Siglo veintiuno,
1979, c1979
|
| Edición: | 2a ed. |
| Temas: | |
| Etiquetas: |
Sin etiquetas, Sé el primero en etiquetar este registro!
|
MARC
| LEADER | 00000nam^a2200000^u^4500 | ||
|---|---|---|---|
| 001 | 000510533 | ||
| 005 | 20250521000000.0 | ||
| 008 | 100115s1000^^^^^^^^^^^^r^^^^^000^0^spa^d | ||
| 009 | 20260310130128.654 | ||
| 022 | |a 9682304377 | ||
| 035 | |a FCE 000054742 | ||
| 037 | |a Acervo ITESO - Biblioteca | ||
| 041 | |a ESP | ||
| 082 | |a 153.15 |b S58 | ||
| 100 | |a Sluckin, Wladyslaw |e (autor) | ||
| 240 | 1 | 4 | |a [El aprendizaje temprano en el hombre y el animal] |
| 245 | 1 | 3 | |a El aprendizaje temprano en el hombre y el animal / |c W. Sluckin ; tr. por F. Blanco. |
| 250 | |a 2a ed. | ||
| 264 | 4 | |a México: |b Siglo veintiuno, |c 1979, c1979 | |
| 300 | |a 149 p. | ||
| 336 | |a texto |b txt |2 rdacontenido | ||
| 337 | |a sin mediación |b n |2 rdamedio | ||
| 338 | |a volumen |b nc |2 rdasoporte | ||
| 500 | |a Traducción de: Early Learning in Man and Animal | ||
| 649 | |a XX | ||
| 650 | |a Lenguaje (Adquisición) | ||
| 650 | |a Imitación | ||
| 650 | |a Aprendizaje Animal | ||
| 650 | |a Aprendizaje - |x Tema Principal | ||
| 650 | |a Modelamiento de la Conducta | ||
| 650 | |a Etología | ||
| 650 | |a Psicología Diferencial | ||
| 650 | |a Psicología Evolutiva - |x Tema Principal | ||
| 700 | |a Blanco, Félix |e (traducción) | ||
| 910 | |a Fondo Centro de Estudios Educativos | ||
| 920 | |a Impresos - Libros | ||
| 930 | |a Fondos Especiales | ||
| 905 | |a 133 | ||
| 901 | |a ALE067977 |b IT2 |c CEE |u 20250521 | ||
| 902 | |a https://opac.biblio.iteso.mx/vufind/Record/000510533 | ||